000 00288nam a2200109Ia 4500
008 220204s9999 xx 000 0 und d
082 _a34:336.271.1(548.3)
_bINT.1
245 0 _aSales tax laws in Kerala. V 1.
260 _aTrivandrum
_bIBICS
_c1977
650 _aSales tax laws
942 _cBK
999 _c27593
_d27593